<?xml version="1.0" encoding="UTF-8"?>
<collection xmlns:xsi="http://www.w3.org/2001/XMLSchema-instance" xsi:schemaLocation="http://www.loc.gov/MARC21/slim http://www.loc.gov/standards/marcxml/schema/MARC21slim.xsd" xmlns="http://www.loc.gov/MARC21/slim">
 <record>
  <leader>00000cam a22000004i 4500</leader>
  <controlfield tag="001">UP-1685594773861620551</controlfield>
  <controlfield tag="003">Buklod</controlfield>
  <controlfield tag="005">20080917094739.0</controlfield>
  <controlfield tag="006">j|||||||||||||| | </controlfield>
  <controlfield tag="007">ta</controlfield>
  <controlfield tag="008">160805s2008    xx      r    |001 0|eng d</controlfield>
  <datafield tag="020" ind1=" " ind2=" ">
   <subfield code="a">9780521881838 (hbk.)</subfield>
  </datafield>
  <datafield tag="020" ind1=" " ind2=" ">
   <subfield code="a">0521881838 (hbk.)</subfield>
  </datafield>
  <datafield tag="035" ind1=" " ind2=" ">
   <subfield code="a">(iLib)UPBAG-00003904585</subfield>
  </datafield>
  <datafield tag="037" ind1=" " ind2=" ">
   <subfield code="a">BC-56368</subfield>
   <subfield code="c">P5,445.00</subfield>
  </datafield>
  <datafield tag="040" ind1=" " ind2=" ">
   <subfield code="d">BAG</subfield>
   <subfield code="e">rda</subfield>
  </datafield>
  <datafield tag="041" ind1="0" ind2=" ">
   <subfield code="a">eng</subfield>
  </datafield>
  <datafield tag="090" ind1=" " ind2="0">
   <subfield code="a">HT 863</subfield>
   <subfield code="b">S42</subfield>
  </datafield>
  <datafield tag="245" ind1="0" ind2="0">
   <subfield code="a">Slave systems</subfield>
   <subfield code="b">ancient and modern</subfield>
   <subfield code="c">edited by Enrico Dal Lago and Constantina Katsari.</subfield>
  </datafield>
  <datafield tag="264" ind1=" " ind2="1">
   <subfield code="a">Cambridge</subfield>
   <subfield code="b">Cambridge University Press</subfield>
   <subfield code="c">©2008.</subfield>
  </datafield>
  <datafield tag="300" ind1=" " ind2=" ">
   <subfield code="a">xiii, 375 pages</subfield>
   <subfield code="b">illustrations</subfield>
   <subfield code="c">24 cm</subfield>
  </datafield>
  <datafield tag="504" ind1=" " ind2=" ">
   <subfield code="a">Includes bibliographical references (pages 321-359) and index.</subfield>
  </datafield>
  <datafield tag="505" ind1="0" ind2=" ">
   <subfield code="a">Part 1. Slavery, slave systems, world history, and comparative history -- The study of ancient and modern slave systems: setting an agenda for comparison / Enrico Dal Lago and Constantina Katsari -- Slavery, gender, and work in the pre-modern world and early Greece: a cross-cultural analysis / Orlando Patterson -- Slaving as historical process: examples from the ancient Mediterranean and the modern Atlantic / Joseph C. Miller -- Part 2. Economic and technology of ancient and modern slave systems -- The comparative economics of slavery in the Greco-Roman world / Walter Scheidel -- Slavery and technology in pre-industrial contexts / Tracey Rihll -- Comparing or interlinking? Economic comparisons of early nineteenth-century slave systems in the Americas in historical perspective / Michael Zeuske -- Part 3. Ideologies and practices of management in Ancient and modern slavery -- Ideal models of slave management in the Roman world and in the ante-bellum American South / Enrico Dal Lago and Constantina Katsari -- Paris, disciplina, et opus servo: the Jesuit ideology in Portuguese American and Greco-Roman ideas of slavery / Rafael de Bivar Marquese and Fabio Duarte Joly -- Part IV. Exiting slave systems -- Processes of exiting the slave systems: a typology / Olivier Petre-Grenouilleau -- Emancipation schemes: different ways of ending slavery / Stanley Engerman -- Part V. Slavery and unfree labour, ancient and modern -- Spartiates helots and the direction of the agrarian economy: toward an understanding of helotage in comparative perspective / Stephen Hodkinson.</subfield>
  </datafield>
  <datafield tag="650" ind1=" " ind2="0">
   <subfield code="a">Slavery</subfield>
   <subfield code="z">Greece</subfield>
   <subfield code="x">History.</subfield>
  </datafield>
  <datafield tag="650" ind1=" " ind2="0">
   <subfield code="a">Slavery</subfield>
   <subfield code="z">Rome</subfield>
   <subfield code="x">History.</subfield>
  </datafield>
  <datafield tag="650" ind1=" " ind2="0">
   <subfield code="a">Slavery</subfield>
   <subfield code="z">America</subfield>
   <subfield code="x">History.</subfield>
  </datafield>
  <datafield tag="650" ind1=" " ind2="0">
   <subfield code="a">Civilization, Classical.</subfield>
  </datafield>
  <datafield tag="650" ind1=" " ind2="0">
   <subfield code="a">Civilization, Modern.</subfield>
  </datafield>
  <datafield tag="700" ind1="1" ind2=" ">
   <subfield code="a">Dal Lago, Enrico</subfield>
   <subfield code="d">1966-</subfield>
   <subfield code="e">editor.</subfield>
  </datafield>
  <datafield tag="700" ind1="1" ind2=" ">
   <subfield code="a">Katsari, Constantina</subfield>
   <subfield code="e">editor.</subfield>
  </datafield>
  <datafield tag="905" ind1=" " ind2=" ">
   <subfield code="a">FO</subfield>
  </datafield>
  <datafield tag="852" ind1="0" ind2=" ">
   <subfield code="a">UPBAG</subfield>
   <subfield code="b">UPBAG-MAIN</subfield>
   <subfield code="h">HT 863 S42</subfield>
  </datafield>
  <datafield tag="942" ind1=" " ind2=" ">
   <subfield code="a">Book</subfield>
  </datafield>
 </record>
</collection>
